| 000 | 01184nas a2200361 c 4500 | ||
|---|---|---|---|
| 003 | BLK | ||
| 005 | 20240912092455.0 | ||
| 008 | 180413b bul |a|er|||| |0| c|bulo| | ||
| 010 | _aPRD00006363000 | ||
| 022 | _a0204-4889 | ||
| 022 | _a1313-9428 | ||
| 040 | _aBLK | ||
| 041 |
_aBUL _cBUL |
||
| 080 |
_aСтатистиката като наука. Теория на статистиката _b311 _x(497.2)(058) _z311(497.2)(058) |
||
| 245 | 1 | 0 | _aСтатистически справочник ... (НА РБ) |
| 257 | _aBGR | ||
| 260 |
_aСофия _bНСИ _c1960 _fСтатист. изд. |
||
| 300 | _c16 x 11 см | ||
| 310 | _aГодишно изд. | ||
| 380 | _a3 | ||
| 500 | _aзабележка: Има инв.№ от инв.книга №96 (на книги) | ||
| 710 |
_9388218 _aНац. статист. институт |
||
| 852 | _aА 2295 | ||
| 856 |
_qpdf _u |
||
| 856 |
_qpdf _u |
||
| 942 |
_cCPU _n0 _s1 |
||
| 944 |
_aCR _cВаня_Йорданова _k30553 _lИваничка Йорданова |
||
| 944 |
_aED _cВася_Ганчева _k02.01.2018 |
||
| 999 |
_c291119 _d291119 |
||
| 999 | _d291119 | ||
| 999 | _d291119 | ||
| 999 | _d291119 | ||
| 999 | _d291119 | ||